| 000 | 00521nam a2200217Ia 4500 | ||
|---|---|---|---|
| 003 | OSt | ||
| 005 | 20220928143530.0 | ||
| 006 | a|||||r|||| 00| 0 | ||
| 007 | ta | ||
| 008 | 220927b |||||||| |||| 00| 0 eng d | ||
| 024 | _a22405 | ||
| 037 | _cTextual | ||
| 040 |
_aSDCL _cSDCL _beng |
||
| 041 |
_2eng _aeng |
||
| 082 | _aW691y7M70, K8 | ||
| 100 | _aLewin Moshe | ||
| 245 | 0 | _aLenin last struggle | |
| 260 | _c1986 | ||
| 942 |
_hW691y7M70, K8 _cTEXL _2CC |
||
| 999 |
_c824398 _d824398 |
||